000 00756nam a2200241Ia 4500
003 OSt
005 20221006165810.0
006 a|||||r|||| 00| 0
007 ta
008 221006b |||||||| |||| 00| 0 hin d
024 _a7,437
037 _cDissertations
040 _aFML
_cFML
_bhin
041 _2hin
_ahin
100 _aBhargava Anjana Au.
_9680497
110 _aDelhi University. Faculty of Music and Fine Arts. Department of Music
245 0 _aSangeet Ratnakar Ka Vadyadhyay Tat Vaadyo Ke Vishesh Sandarbh Main - Ek Aadhyayan
260 _c1988
300 _a132
_ccm.
700 _aDelhi University. Faculty of Music and Fine Arts. Department of Music
942 _cDIS
_2CC
999 _c1122068
_d1122068